| Tag |
First Indicator |
Second Indicator |
Subfields |
| LEADER |
00000ccm a2200000u 4500 |
| 001 |
in00001402070 |
| 005 |
20210930122647.0 |
| 008 |
890406r19601931au mua n lat d |
| 035 |
|
|
|a (OCoLC)20166459
|
| 035 |
|
|
|9 AHM6755AM
|
| 040 |
|
|
|a HMU
|c HMU
|d TXA
|d UtOrBLW
|
| 045 |
1 |
|
|b d1582
|b d1590
|
| 047 |
|
|
|a pt
|a mo
|
| 049 |
|
|
|a TXAM
|
| 090 |
|
|
|a M2
|b .D36 Bd.73
|
| 100 |
1 |
|
|a Amon, Blasius,
|d approximately 1560-1590.
|
| 240 |
1 |
0 |
|a Vocal music
|
| 245 |
1 |
0 |
|a Kirchenwerke I. /
|c Bearb. von Caecilianus Huigens.
|
| 264 |
|
1 |
|a Graz :
|b Akademische Druck- u. Verlagsanstalt,
|c 1960.
|
| 300 |
|
|
|a Score (119 pages)
|
| 336 |
|
|
|a notated music
|b ntm
|2 rdacontent
|
| 337 |
|
|
|a unmediated
|b n
|2 rdamedia
|
| 338 |
|
|
|a volume
|b nc
|2 rdacarrier
|
| 490 |
1 |
|
|a Denkmäler der Tonkunst in Österreich ;
|v Bd. 73
|
| 500 |
|
|
|a "Unveränderter Abdruck der 1931 in Wien erschienenen Ausgabe."
|
| 505 |
0 |
|
|a Liber cantionum (Introitus) 1582 (5 voices).--Sacrae cantiones (Moteta) 1590 (4 to 8 voices).
|
| 650 |
|
0 |
|a Part songs, Sacred.
|
| 700 |
1 |
|
|a Huigens, Caecilianus.
|
| 830 |
|
0 |
|a Denkmäler der Tonkunst in Österreich ;
|v Bd. 73.
|
| 999 |
|
|
|a MARS
|
| 999 |
f |
f |
|s 10b6b61c-4aae-3463-a7ba-bb66ec74a533
|i d5542cfe-13d5-395c-89d1-213ae1b3a23f
|t 0
|
| 952 |
f |
f |
|p ric
|a Texas A&M University
|b Rellis Campus
|c Joint Library Facility
|d Remote Storage
|t 0
|e M2 .D36 Bd.73
|h Library of Congress classification
|i unmediated -- volume
|m A14821991043
|
| 998 |
f |
f |
|a M2 .D36 Bd.73
|t 0
|l Remote Storage
|